Countries with Highest Point Above 6,000 Meters - Statistics

General Stats
  • This quiz has been taken 64 times
  • The average score is 14 of 15
Answer Stats
Country % Correct
China
100%
Nepal
100%
Bhutan
97%
Chile
95%
Pakistan
95%
India
93%
Argentina
90%
Peru
90%
United States
90%
Afghanistan
88%
Bolivia
87%
Tajikistan
85%
Kazakhstan
83%
Kyrgyzstan
83%
Ecuador
82%
No matching quizzes found
Score Distribution
Percent of People with Each Score
Percentile by Number Answered
Your Score History
You have not taken this quiz